banner koha

Long-term assessment of a modified tibial tuberosity advancement technique in dogs (Registro n. 301226)

MARC details
000 -LÍDER
fixed length control field 04515nab a2200373 i 4500
003 - CÓDIGO MARC DA AGÊNCIA CATALOGADORA
Campo de controle BR-BrBNA
005 - DATA E HORA DA ÚLTIMA ATUALIZAÇÃO
Campo de controle 20240913115138.0
008 - CAMPO DE TAMANHO FIXO
fixed length control field 240913b2018 bl.|r|pooa||| 00| 0 eng |
040 ## - FONTE DA CATALOGAÇÃO
Agência catalogadora BR-BrBNA
Idioma da catalogação eng
072 ## - CATEGORIA AGRIS
Código AGRIS L74
Código do objeto 5400
072 ## - CATEGORIA AGRIS
Código AGRIS L70
100 ## - ENTRADA PRINCIPAL - NOME PESSOAL
Nome pessoal Medeiros, R.M.
100 ## - ENTRADA PRINCIPAL - NOME PESSOAL
Nome pessoal Silva, M.A.M.
100 ## - ENTRADA PRINCIPAL - NOME PESSOAL
Nome pessoal Teixeira, P.P.M.
100 ## - ENTRADA PRINCIPAL - NOME PESSOAL
Nome pessoal Chung, D.G.
100 ## - ENTRADA PRINCIPAL - NOME PESSOAL
Nome pessoal Conceição, M.E.B.A.M.
100 ## - ENTRADA PRINCIPAL - NOME PESSOAL
Nome pessoal Chierice, G.O.
100 ## - ENTRADA PRINCIPAL - NOME PESSOAL
Nome pessoal Padilha Filho, J.G.
100 ## - ENTRADA PRINCIPAL - NOME PESSOAL
Nome pessoal Dias, L.G.G.G.
245 ## - TÍTULO PRINCIPAL
Título principal Long-term assessment of a modified tibial tuberosity advancement technique in dogs
500 ## - NOTA GERAL
Nota geral Publicação online; 27 ref.; Summaries (En, Pt)
942 ## - ADDED ENTRY ELEMENTS (KOHA)
Koha item type Analítica
520 ## - NOTA DE RESUMO
Nota de conteúdo <br/><br/>ABSTRACT - The purpose of study was to assess long-term clinical and radiographic aspects of dogs’ stifle joints which had undergone a modified tibial tuberosity advancement technique (mTTA). A total of 15 stifles that had undergone mTTA for CCL disease of 11 patients were included in this study. Assessments involved patient’s gait analysis, cranial drawer and tibial compression tests, stifle goniometry range of articular motion, thigh and leg girth and radiographic evidence of progression of osteoarthrosis. Variables were compared between operated and healthy limbs and among moments (M0) on the early postop; (M1) 120 days postop; and (M2) approximately 5 years following surgery. A questionnaire regarding owner’s perceptions after approximately 5 years of surgery was assessed. Most dogs presented positive response to cranial drawer and tibial compression tests on operated knees. There was also decrease on goniometry and thigh girth and increase in leg girth. Radiographic evidence of progression of osteoarthritis was seen especially on the long-term follow-up (M2). On gait analysis, most animals presented some degree of lameness in different conditions, in contrast to owners’ perceptions. Osteoarthritis still develops in dogs following mTTA surgery for CCL disease. However, owners were overall satisfied with their recovery and would be willing to accept indication of mTTA for dogs with ruptured CCL.<br/><br/><br/>Keywords: cranial cruciate ligament disease, stifle, laminess
520 ## - NOTA DE RESUMO
Nota de conteúdo <br/><br/>RESUMO - O objetivo deste estudo foi avaliar, em longo prazo, aspectos clínicos e radiográficos do joelho de cães submetidos à técnica modificada de avanço da tuberosidade da tíbia (mTTA). Um total de 15 joelhos de 11 pacientes foram submetidos à mTTA para correção de doença do ligamento cruzado cranial. A avaliação envolvia análise de marcha do paciente, teste de compressão tibial e de gaveta, goniometria do joelho para amplitude articular, circunferência das pernas e coxas e evidência radiográfica de progressão da osteoartrose. As variáveis foram comparadas entre membros operados e saudáveis e entre os momentos (M0) no pósoperatório imediato; (M1) 120 dias de pós-operatório; e (M2) aproximadamente cinco anos após a cirurgia. Foi avaliado um questionário sobre as percepções do proprietário após aproximadamente cinco anos de cirurgia. A maioria dos cães apresentou resposta positiva aos testes de gavetas e de compressão tibial em joelhos operados. Houve também diminuição na goniometria e na circunferência da coxa e aumento do perímetro das pernas. Evidências radiográficas de progressão da osteoartrite foram observadas especialmente no seguimento de longo prazo (M2). Na análise de marcha, a maioria dos animais apresentou algum grau de claudicação em diferentes condições, em contraste com as percepções dos proprietários. A osteoartrite ainda se desenvolve em cães após a cirurgia de mTTA para doença CCL. No entanto, os proprietários estavam, em geral, satisfeitos com a recuperação dos animais e estavam dispostos a aceitar a indicação de mTTA para cães com doença do ligamento cruzado cranial.<br/><br/><br/>Palavras-chave: ligamento cruzado cranial, joelho, claudicação
650 ## - ASSUNTO - THESAGRO
Cabeçalho tópico ou nome geográfico CÃO
650 ## - ASSUNTO - THESAGRO
Cabeçalho tópico ou nome geográfico DISTÚRBIO FISIOLÓGICO
650 ## - ASSUNTO - THESAGRO
Cabeçalho tópico ou nome geográfico JOELHO
650 ## - ASSUNTO - THESAGRO
Cabeçalho tópico ou nome geográfico CLAUDICAÇÃO
650 ## - ASSUNTO - THESAGRO
Cabeçalho tópico ou nome geográfico CIRURGIA
650 ## - ASSUNTO - THESAGRO
Cabeçalho tópico ou nome geográfico VETERINÁRIA
773 0# - ENTRADA ANALÍTICA
Host Biblionumber 1643
Registro do item 318020
Imprenta Belo Horizonte-MG Universidade Federal de Minas Gerais - Escola de Veterinaria 1983
Outro identificador 2024-4754
Título Arquivo Brasileiro de Medicina Veterinária e Zootecnia (Brazil)
ISSN 0102-0935
Colação v. 70(4) p. 1053-1059; (2018)
Número de controle de registro BR2024002443
856 ## - ACESSO E ENDEREÇO ELETRÔNICO
Identificador uniforme de recurso - URI https://www.scielo.br/j/abmvz/a/gDkJGwySsyVwVK7rNDjLd5B/?format=pdf&lang=en

Nenhum exemplar disponível.

BINAGRI

Telefone: (61)3218-2567/2388/3357/2097 - binagri@agro.gov.br

Ministério da Agricultura e Pecuária , Esplanada dos Ministérios, Bloco D, Anexo B, Brasília/DF, CEP: 70.043-900